Top 12 Butter Producing Countries - Statistics

General Stats
  • This quiz has been taken 100 times
  • The average score is 8 of 12
Answer Stats
# Tonnes X 1000 Countries % Correct
3 850 United States
100%
10 93 Canada
92%
5 265 Russia
89%
1 5,200 India
86%
11 88 Brazil
85%
8 125 Australia
83%
6 197 Mexico
79%
4 550 New Zealand
68%
12 63 Japan
64%
9 100 Ukraine
60%
7 135 Belarus
21%
2 2,340 EU-27
21%
No matching quizzes found
Score Distribution
Percent of People with Each Score
Percentile by Number Answered
Your Score History
You have not taken this quiz